Quick Pick: Sense Books Quiz Stats

 Plays Quiz Updated Jun 10, 2017

Support Sporcle.
Go Orange.
Score 0/5 Timer 00:30
0 Plays Today
% Correct
Hear
94.7%
See
93.3%
Taste
76.1%
Smell
69.8%
Touch
52%

Today's Daily Dose

You're not logged in!

Compare scores with friends on all Sporcle quizzes.
OR
Log In
Forgot?

From the Vault

MLB: More Saves Than Hits Allowed

by lkalliance

There are some records that only a pitcher can hold.
Remove Ads.
Support Sporcle.
Get the best of Sporcle when you Go Orange. This ad-free experience offers more features, more stats, and more fun while also helping to support Sporcle. Thank you for becoming a member.

Show Comments

Extras

Top Quizzes Today


Score Distribution

Your Account Isn't Verified!

In order to create a playlist on Sporcle, you need to verify the email address you used during registration. Go to your Sporcle Settings to finish the process.

Report this User

Report this user for behavior that violates our Community Guidelines.

Details: